| 000 | 01194nam a2200313 4500 | ||
|---|---|---|---|
| 001 | 178058 | ||
| 003 | ES-MaACL | ||
| 005 | 20230902114824.0 | ||
| 008 | 110516s2002 sp |||| |bspa d | ||
| 020 | _a84-8472-081-0 | ||
| 080 | _a821.134.2-32"19" | ||
| 100 | 1 |
_aMasip, Paulino. _978727 |
|
| 245 | 1 | 3 |
_aLa trampa y otros relatos / _cPaulino Masip ; edición de María Teresa González de Garay. |
| 260 |
_aSevilla : _bRenacimiento, _c2002. |
||
| 300 |
_a314 p. : _b1 retr. ; _c22 cm. |
||
| 490 | 1 |
_aBiblioteca del exilio ; _v12 |
|
| 504 | _aBibliografía: p. 32-44. | ||
| 505 | 8 | _aContiene: Un ladrón ; El gafe o La necesidad de un responsable ; El hombre que perdió los bolsillos | |
| 700 | 1 |
_aGonzález de Garay, María Teresa. _958541 |
|
| 740 | 3 | 2 | _aUn ladrón. |
| 740 | 3 | 2 | _aEl gafe o La necesidad de un responsable. |
| 740 | 3 | 2 | _aEl hombre que perdió los bolsillos. |
| 830 | 1 |
_aBiblioteca del exilio ; _v12 _9180374 |
|
| 852 |
_aES-MaACL _9184917 _bR.145525 _jA-11179 _dOlim: N-4184 _cDEPO1 _xDonación: José Esteban |
||
| 903 |
_9234040 _aEsteban, José _ednr |
||
| 942 |
_2udc _cMONOGRAFIA |
||
| 999 |
_c178058 _d178058 |
||